000 00720nam a2200229Ia 4500
003 OSt
005 20220925184629.0
006 a|||||r|||| 00| 0
007 ta
008 220923b |||||||| |||| 00| 0 eng d
037 _cGeneral Book
040 _aRTL
_cRTL
_beng
041 _2eng
_aeng
082 _aX9(D6,8).237.N71<N67r, L1
110 _aMACHINE TOOL CORPORATION OF INDIA LIMITED AJMER
_9230623
245 0 _aFirst annual report,1967-68.
260 _aAjmer
_bMachine tool corporation of India
_c1971
300 _a15p.
_ccm.
700 _aMACHINE TOOL CORPORATION OF INDIA LIMITED AJMER
_9230624
942 _hX9(D6,8).237.N71<N67r, L1
_cGB
_2CC
999 _c508365
_d508365